00518nam a22001337a 4500020001600000082000800016100001900024245013900043260003500182300002900217650004700246700003400293856005700327 qHard Cover. a200 aSaleem, Faizan aTo determine the Overall Equipment Effectiveness of Tyre curing press and to investigate the causes of its reduction /cFaizan Saleem. aKarachi :bPNEC - NUST,c2015. ax, 56 p. : ill. ;c30cm. aMS-Industrial & Manufacturing Engineering  aSupervisor: Dr. Salman Nisar. uhttp://10.250.8.41:8080/xmlui/handle/123456789/22378